<?xml version="1.0" encoding="UTF-8"?><?xml-stylesheet type="text/xsl" href="static/style.xsl"?><OAI-PMH xmlns="http://www.openarchives.org/OAI/2.0/" xmlns:xsi="http://www.w3.org/2001/XMLSchema-instance" xsi:schemaLocation="http://www.openarchives.org/OAI/2.0/ http://www.openarchives.org/OAI/2.0/OAI-PMH.xsd"><responseDate>2026-04-14T02:56:46Z</responseDate><request verb="GetRecord" identifier="oai:www.recercat.cat:2117/369348" metadataPrefix="marc">https://recercat.cat/oai/request</request><GetRecord><record><header><identifier>oai:recercat.cat:2117/369348</identifier><datestamp>2025-07-23T01:06:31Z</datestamp><setSpec>com_2072_1033</setSpec><setSpec>col_2072_452951</setSpec></header><metadata><record xmlns="http://www.loc.gov/MARC21/slim" xmlns:dcterms="http://purl.org/dc/terms/" xmlns:xsi="http://www.w3.org/2001/XMLSchema-instance" xmlns:doc="http://www.lyncode.com/xoai" xsi:schemaLocation="http://www.loc.gov/MARC21/slim http://www.loc.gov/standards/marcxml/schema/MARC21slim.xsd">
   <leader>00925njm 22002777a 4500</leader>
   <datafield ind2=" " ind1=" " tag="042">
      <subfield code="a">dc</subfield>
   </datafield>
   <datafield ind2=" " ind1=" " tag="720">
      <subfield code="a">Cuadrado Mateo, Javier</subfield>
      <subfield code="e">author</subfield>
   </datafield>
   <datafield ind2=" " ind1=" " tag="260">
      <subfield code="c">2022-05-04</subfield>
   </datafield>
   <datafield ind2=" " ind1=" " tag="520">
      <subfield code="a">El presente documento es el Trabajo de Fin de Grado, en adelante TFG, del grado en&#xd;
Arquitectura Técnica y Edificación, realizado en modalidad Prácticum.&#xd;
En el TFG redactado se hablará sobre todos aquellos trabajos realizados en la empresa dónde&#xd;
he realizado las prácticas, de igual manera que contaré como ha sido la experiencia de&#xd;
trabajar en un despacho de arquitectura, cómo estaba organizada la empresa, cual era mi&#xd;
función en el despacho, y como me he sentido en mi primer trabajo dentro del sector de la&#xd;
construcción.&#xd;
Las prácticas han sido realizadas en TAC Arquitectos, un despacho de arquitectura situado&#xd;
en Barcelona cuya actividad principal se centra en la realización de proyectos, principalmente&#xd;
en Catalunya, aunque tienen diferentes proyectos ya terminados y en ejecución en diferentes&#xd;
comunidades autónomas.&#xd;
El trabajo constará de cuatro partes claramente diferenciadas:&#xd;
- Capítulo I. TAC Arquitectos&#xd;
La primera parte explica cómo está formada la empresa dónde he realizado las&#xd;
prácticas, como está organizada y metodología de trabajo.&#xd;
- Capítulo II. Contribución en proyectos y Trabajos realizados&#xd;
La segunda parte está formada por los diferentes trabajos realizados durante los&#xd;
meses que han durado las prácticas, explicando de qué tipo de obra se trata, en qué&#xd;
fase estaba cuando entré al proyecto, mis trabajos realizados, y en qué fase queda&#xd;
una vez finalizadas las prácticas y el TFG.&#xd;
- Conclusiones, Bibliografía y Agradecimientos&#xd;
- Anejos</subfield>
   </datafield>
   <datafield tag="653" ind2=" " ind1=" ">
      <subfield code="a">Àrees temàtiques de la UPC::Edificació::Gestió d'obres</subfield>
   </datafield>
   <datafield tag="653" ind2=" " ind1=" ">
      <subfield code="a">Architectural practice</subfield>
   </datafield>
   <datafield tag="653" ind2=" " ind1=" ">
      <subfield code="a">Construction industry -- Management</subfield>
   </datafield>
   <datafield tag="653" ind2=" " ind1=" ">
      <subfield code="a">Arquitectura -- Pràctica professional</subfield>
   </datafield>
   <datafield tag="653" ind2=" " ind1=" ">
      <subfield code="a">Indústria de la construcció -- Direcció i administració</subfield>
   </datafield>
   <datafield ind2="0" ind1="0" tag="245">
      <subfield code="a">Prácticum en despacho de arquitectura TAC Arquitectos</subfield>
   </datafield>
</record></metadata></record></GetRecord></OAI-PMH>